The lightning thief / (Record no. 524)

MARC details
000 -LEADER
fixed length control field 01175cam a2200325 a 4500
005 - DATE AND TIME OF LATEST TRANSACTION
control field 20250812094819.0
020 ## - INTERNATIONAL STANDARD BOOK NUMBER
International Standard Book Number 0786856297
040 ## - CATALOGING SOURCE
Original cataloging agency N$V
Transcribing agency N$V
Modifying agency VP@
-- BAKER
-- EHH
-- DLC
-- FISKH
Language of cataloging eng
050 00 - LIBRARY OF CONGRESS CALL NUMBER
Classification number PZ7.R4829
Item number Li 2005
082 00 - DEWEY DECIMAL CLASSIFICATION NUMBER
Classification number 813.6
Edition number 22
100 1# - MAIN ENTRY--PERSONAL NAME
Personal name Riordan, Rick.
245 14 - TITLE STATEMENT
Title The lightning thief /
Statement of responsibility, etc. Rick Riordan.
250 ## - EDITION STATEMENT
Edition statement 1st ed.
260 ## - PUBLICATION, DISTRIBUTION, ETC.
Place of publication, distribution, etc. New York :
Name of publisher, distributor, etc. Miramax Books/Hyperion Books for Children,
Date of publication, distribution, etc. 2005.
300 ## - PHYSICAL DESCRIPTION
Extent 377 pages ;
Dimensions 22 cm.
490 1# - SERIES STATEMENT
Series statement Percy Jackson & the Olympians ;
Volume/sequential designation bk. 1
505 ## - FORMATTED CONTENTS NOTE
Formatted contents note M
520 ## - SUMMARY, ETC.
Summary, etc. After learning that he is the son of a mortal woman and Poseidon, god of the sea, twelve-year-old Percy is sent to a summer camp for demigods like himself, and joins his new friends on a quest to prevent a war between the gods.
521 ## - TARGET AUDIENCE NOTE
Target audience note 680 <br/>
Source Lexile
521 ## - TARGET AUDIENCE NOTE
Target audience note M <br/>
Source Raz-Plus
650 #0 - SUBJECT ADDED ENTRY--TOPICAL TERM
Topical term or geographic name entry element Mythology, Greek
Form subdivision Juvenile fiction.
650 #1 - SUBJECT ADDED ENTRY--TOPICAL TERM
Topical term or geographic name entry element Mythology, Greek
Form subdivision Fiction.
650 #1 - SUBJECT ADDED ENTRY--TOPICAL TERM
Topical term or geographic name entry element Camps
Form subdivision Fiction.
650 #1 - SUBJECT ADDED ENTRY--TOPICAL TERM
Topical term or geographic name entry element Friendship
Form subdivision Fiction.
650 #1 - SUBJECT ADDED ENTRY--TOPICAL TERM
Topical term or geographic name entry element Fathers and sons
Form subdivision Fiction.
655 #7 - INDEX TERM--GENRE/FORM
Genre/form data or focus term Fantasy fiction.
Source of term gsafd
906 ## - LOCAL DATA ELEMENT F, LDF (RLIN)
a 7
b cbc
c copycat
d 2
e ncip
f 20
g y-gencatlg
942 ## - ADDED ENTRY ELEMENTS (KOHA)
Source of classification or shelving scheme Dewey Decimal Classification
Koha item type Books
Suppress in OPAC No
999 ## -
-- 524
-- 524
Holdings
Withdrawn status Lost status Source of classification or shelving scheme Damaged status Not for loan Collection Home library Current library Shelving location Date acquired Total Checkouts Full call number Barcode Date last seen Date last checked out Price effective from Koha item type
    Dewey Decimal Classification     Juvenile Fiction Footprints International School Library Network Toul Kork Campus Footprints International School Library Network Toul Kork Campus TK Primary Library Room(4th Floor), Bookcase 5&6, Shelves 33-56, Orange Books 05/16/2023 3 RIO 813.6 PZ7.R4829 FISTK05278 02/23/2026 01/30/2026 05/16/2023 Books